000 00975nam a2200301 i 4500
001 193624
003 SpMaBN
005 20240201063042.0
007 ta
008 220209s2021 sp | |||| 000 p spa
017 _aM 35756-2021
_bOficina Depósito Legal Madrid
020 _a9788418893124
040 _aSpMaBN
_bspa
_cSpMaBN
_erda
080 _a821.134.2-14"19"
100 1 _aRamos, José María,
_d1929-
_4aut
_995267
_eaut
245 1 0 _aMinigreguerías /
_cJosé María Ramos
250 _aPrimera edición 2021
264 1 _aMadrid :
_bPoesía eres tú,
_c2021
300 _a280 páginas ;
_c21 cm
336 _aTexto
_2rdacontent
337 _asin mediación
_2rdamedia
338 _avolumen
_2rdacarrier
655 4 _aGreguerías
_2tgfbne
_9234973
852 _aES-MaACL
_bR. 153240
_cDEPOJ
_jN-8152
_hDonación: Editorial
_9201126
942 _n0
_cMONOGRAFIA
999 _c193624
_d193624